NBER macroeconomics annual 1999 / (Record no. 361)

MARC details
000 -LEADER
fixed length control field 00768nam a22001577a 4500
008 - FIXED-LENGTH DATA ELEMENTS--GENERAL INFORMATION
fixed length control field 111212t xxu||||| |||| 00| 0 eng d
020 ## - INTERNATIONAL STANDARD BOOK NUMBER
International Standard Book Number 0262522713 9780262522717
050 ## - LIBRARY OF CONGRESS CALL NUMBER
Classification number HB172.5.B45
245 ## - TITLE STATEMENT
Title NBER macroeconomics annual 1999 /
Statement of responsibility, etc. Edited by Ben S. Bernanke and Julio J. Rotemberg
260 ## - PUBLICATION, DISTRIBUTION, ETC.
Place of publication, distribution, etc. Cambridge (Mass.) ; London :
Name of publisher, distributor, etc. MIT Press,
Date of publication, distribution, etc. 2000.
300 ## - PHYSICAL DESCRIPTION
Extent 387 p. ;
Dimensions 23 cm.
505 ## - FORMATTED CONTENTS NOTE
Formatted contents note Contents: Liquidity crises in emerging markets: Theory and policy -- Discussion -- The IMF approach to economic stabilization -- Discussion -- Stock prices and fundamentals -- Comments -- Discussion -- Labor- marlet policies in an equilibrim search model -- Comments -- Discussion.
650 ## - SUBJECT ADDED ENTRY--TOPICAL TERM
Topical term or geographic name entry element Macroeconomics.
700 ## - ADDED ENTRY--PERSONAL NAME
Personal name Julio J. Rotemberg.
942 ## - ADDED ENTRY ELEMENTS (KOHA)
Source of classification or shelving scheme Library of Congress Classification
Koha item type Books
Holdings
Withdrawn status Lost status Source of classification or shelving scheme Damaged status Not for loan Home library Current library Shelving location Date acquired Total Checkouts Full call number Barcode Date last seen Copy number Price effective from Koha item type
    Library of Congress Classification     WISCONSIN INTERNATIONAL UNIVERSITY COLLEGE, GHANA - MAIN LIBRARY WISCONSIN INTERNATIONAL UNIVERSITY COLLEGE, GHANA - MAIN LIBRARY General Stacks 12/12/2011   HB172.5.B45 959/11 12/12/2011 1 12/12/2011 Books

If you have any concerns or questions; kindly contact the library


© Powered by WIUC ICT DIRECTORATE